Guess the Random Waterparks Song #17 - Statistics

General Stats
  • This quiz has been taken 10 times
  • The average score is 13 of 15
Answer Stats
Answer % Correct
And
100%
And
100%
And
100%
Awsten
86%
friends
86%
Geoff
86%
My
86%
my
86%
my
86%
name's
86%
name's
86%
name's
86%
Otto
86%
all
71%
we're
71%
No matching quizzes found
Score Distribution
Percent of People with Each Score
Percentile by Number Answered
Your Score History
You have not taken this quiz